000 01814 a2200229 4500
001 250
005 20260407155417.0
008 260407a2009 arg spa d
003 AR-UNSa-BCEJYS
040 _aAR-UNSa-BCEJYS
_bspa
_cAR-UNSa-BCEJYS
080 _a657.6
_xAuditoria (control interno)
245 1 0 _aTratado de auditoría
020 _a978-987-03-1469-1
250 _a4a. ed
264 1 _aBuenos Aires :
_bLa Ley
_c2009
300 _a2 v. (670, 641 p.)
_c24 cm
505 _aVol. 1: 1. Informaciones financieras, auditorías y otros servicios de atestiguación - 2. Estándares internacionales - 3. Marco regulatorio Argentino - 4. Marco regulatorio Estadounidense - 5. La independencia - 6. Etica y códigos de actuación profesional - 7. Controles y revisiones de calidad - 8. Consecuencias de la mala praxis - 9. El informe sobre los estados financieros - 10. Informes diversos - 11. Contratación de la auditoría y relación con el cliente - 12. Procedimientos de auditoría -- Vol. 2: 13. Planeamiento y administración de una auditoría - 14. Muestreo - 15. La evidencia de auditoría y su documentación - 16. Controles internos que interesan al auditor - 17. Pruebas sobre controles y movimientos contables - 18. Pruebas directas sobre componentes de los estados financieros - 19. Cierre de la auditoría - 20. Revisiones de estados financieros - 21. Atestiguaciones sobre informaciones históricas diversas y controles internos - 22. Auditorías y revisiones de informaciones prospectivas - 23. Trabajos de procedimientos convenidos, compilaciones y certificaciones
942 _cBK
590 _aniveau_biblio:m niveau_hierar:0
100 1 _aFowler Newton, Enrique
856 4 1 _uhttps://biblioeco.unsa.edu.ar/pmb/images/libros/Tratado de Auditoria2-l117606.jpeg
_yImagen de portada
_qimage/jpeg
999 _c165
_d165